| 000 | 00347nam a2200145Ia 4500 | ||
|---|---|---|---|
| 005 | 20251222143115.0 | ||
| 008 | 251222s9999||||xx |||||||||||||| ||spa|| | ||
| 020 | _a968-880-322-7 | ||
| 082 | _a658.401/M61/2004 | ||
| 100 | _aMintzberg, Henry | ||
| 245 | 0 | _aEl Proceso Estratégico: | |
| 250 | _a2a.ed. | ||
| 264 | _bPrentice Hall | ||
| 942 | _cLIB | ||
| 999 |
_c11307 _d11307 |
||